Collective Acceleration of Helium Ions from Its Residual Atmosphere in a Luce Diode; Quantum Beam Science; Vol. 7, iss. 4

Dades bibliogràfiques
Parent link:Quantum Beam Science.— .— Basel: MDPI AG
Vol. 7, iss. 4.— 2023.— Article number 33, 12 p.
Autor principal: Ryzhkov V. A. Vladislav Andreevich
Altres autors: Zhuravlev M. V. Mikhail Valerievich, Remnev (Remnyov) G. E. Gennady Efimovich
Sumari:Title screen
The collective acceleration of helium ions from its residual atmosphere in the Luce diode was studied at helium pressures from 0.13 to 0.23 Pa. The energy of accelerated ions was determined from the drift velocity of the virtual cathode accelerating the ions. The number of 4He was determined by radioactivities of 13N and 30P induced in h-BN and Al targets via the nuclear reactions 10B(α,n)13N and 27Al(α,n)30P. The efficiency of capturing 4He ions in collective acceleration from the residual helium atmosphere was estimated as 0.25%. With increasing helium pressure above 0.15 Pa, the energy of the main ion group noticeably decreased to 0.46 MeV/amu compared to the acceleration from a usual residual atmosphere (~0.6 MeV/amu); however, the probability of ion acceleration to a specific energy of up to 1.57 MeV/amu increased significantly. Such increases in the ion energy were accompanied by the appearance of the signal of the second virtual cathode 7–9 ns after the appearance of the first virtual cathode
Текстовый файл
Idioma:anglès
Publicat: 2023
Matèries:
Accés en línia:https://doi.org/10.3390/qubs7040033
Format: MixedMaterials Electrònic Capítol de llibre
KOHA link:https://koha.lib.tpu.ru/cgi-bin/koha/opac-detail.pl?biblionumber=680234

MARC

LEADER 00000naa0a2200000 4500
001 680234
005 20251205135935.0
090 |a 680234 
100 |a 20250515d2023 k||y0rusy50 ba 
101 0 |a eng 
102 |a CH 
135 |a drcn ---uucaa 
181 0 |a i   |b  e  
182 0 |a b 
183 0 |a cr  |2 RDAcarrier 
200 1 |a Collective Acceleration of Helium Ions from Its Residual Atmosphere in a Luce Diode  |f Vladislav Ryzhkov, Mikhail Zhuravlev and Gennady Remnev 
203 |a Текст  |b визуальный  |c электронный 
283 |a online_resource  |2 RDAcarrier 
300 |a Title screen 
320 |a References: 24 tit 
330 |a The collective acceleration of helium ions from its residual atmosphere in the Luce diode was studied at helium pressures from 0.13 to 0.23 Pa. The energy of accelerated ions was determined from the drift velocity of the virtual cathode accelerating the ions. The number of 4He was determined by radioactivities of 13N and 30P induced in h-BN and Al targets via the nuclear reactions 10B(α,n)13N and 27Al(α,n)30P. The efficiency of capturing 4He ions in collective acceleration from the residual helium atmosphere was estimated as 0.25%. With increasing helium pressure above 0.15 Pa, the energy of the main ion group noticeably decreased to 0.46 MeV/amu compared to the acceleration from a usual residual atmosphere (~0.6 MeV/amu); however, the probability of ion acceleration to a specific energy of up to 1.57 MeV/amu increased significantly. Such increases in the ion energy were accompanied by the appearance of the signal of the second virtual cathode 7–9 ns after the appearance of the first virtual cathode 
336 |a Текстовый файл 
461 1 |t Quantum Beam Science  |c Basel  |n MDPI AG 
463 1 |t Vol. 7, iss. 4  |v Article number 33, 12 p.  |d 2023 
610 1 |a электронный ресурс 
610 1 |a труды учёных ТПУ 
610 1 |a collective ion acceleration 
610 1 |a helium ions 
610 1 |a virtual cathode 
610 1 |a pulsed ion beam 
610 1 |a residual atmosphere 
700 1 |a Ryzhkov  |b V. A.  |c specialist in nuclear physics  |c Senior Researcher, Tomsk Polytechnic University, Candidate of Physical and Mathematical Sciences  |f 1958-  |g Vladislav Andreevich  |9 21749 
701 1 |a Zhuravlev  |b M. V.  |c physicist  |c Researcher of Tomsk Polytechnic University, Candidate of Technical Sciences  |f 1986-  |g Mikhail Valerievich  |y Tomsk  |9 17999 
701 1 |a Remnev (Remnyov)  |b G. E.  |c physicist  |c Professor of Tomsk Polytechnic University, Doctor of technical sciences  |f 1948-  |g Gennady Efimovich  |9 15661 
801 0 |a RU  |b 63413507  |c 20250515 
850 |a 63413507 
856 4 |u https://doi.org/10.3390/qubs7040033  |z https://doi.org/10.3390/qubs7040033 
942 |c CF